LEADER 01982nam a2200373 u 4500 001 000000075272 003 CaOOAMICUS 005 20070226123101.0 008 030523s2002 it u000 u ita u 020 $a8846502302 035 $a10962568 040 $aPUL$bita$dPUL 245 03$aIl bene e la persona nell'agire /$cE. Schockenhoff ... [et al.] ; a cura di Livio Melina e Juan-José Pérez-Soba. 260 $aRoma :$bLateran University Press,$cc2002. 300 $a272 p. ;$c24 cm 490 1 $aLezioni e dispense ;$v6 500 $aDalla pref. (p. 5) : " ... quarto Colloquio di Teologia Morale, realizzato a Roma, presso la Pontificia Università Lateranense dal 16 al 17 novembre 2001". 504 $aBibliografia in nota. 650 4$aPersona (teologia).$0(OLS)http://pul/subject/9353 650 4$aTeologia morale$xCongressi.$0(OLS)http://pul/subject/19785 700 1 $aMelina, Livio,$csac.,$d1952-$0(OLS)http://pul/name/7558 700 1 $aPérez-Soba Diez Del Corral, Juan,$csac.,$d1964-$0(OLS)http://pul/name/41481 710 2 $aPontificio Istituto Giovanni Paolo II per Studi su Matrimonio e Famiglia.$0(OLS)http://pul/name/78444 830 0$aLezioni e dispense ;$v6.$0(OLS)http://pul/title/47699 850 $aPUL 852 $aPUL$W1$xSL Religione 1$y3$m39 L 6$j96905$nBK-PRI$b $qStampati$B96905$CPULBib$Z2$F96905 $H $81 910 $aIstituto Giovanni Paolo II per studi su matrimonio e famiglia$978444 910 $aPontificio Istituto Teologico Giovanni Paolo II per le Scienze del Matrimonio e della Famiglia.$kTesi$978444 910 $aPontificio Istituto Teologico Giovanni Paolo II per le Scienze del Matrimonio e della Famiglia.$kTesi$978444 941 1 $a8 961 $aINV: 90626 996 $6020$a8846502302$9(OLS)http://pul/number/98088 996 $6245$aIl bene e la persona nell'agire$9(OLS)http://pul/title/98732 996 $6260$aRoma :$bLateran University Press$9(OLS)http://pul/publisher/74370 LEADER 01532nam a2200349 u 4500 001 000000000919 003 CaOOAMICUS 005 20070226104244.0 008 940513s1985 it u000 u ita u 035 $a10019997 040 $aPUL(R)$bita 041 0 $aita$alat 100 1 $aPrinzivalli, Emanuela.$0(OLS)http://pul/name/1038 245 12$aL'esegesi biblica di Metodio d'Olimpo /$cEmanuela Prinzivalli. 260 $aRoma :$bInstitutum patristicum "Augustinianum",$c1985. 300 $a138 p. ;$c24 cm 490 1 $aStudia ephemeridis "Augustinianum" ;$v21 504 $aBibliografia: p. [131]-132. 600 04$aMethodius,$cs., vesc. di Olympus,$dm. c. 311$xCritica e interpretazione.$0(OLS)http://pul/subject/1030 630 04$aBiblia$xEsegesi.$0(OLS)http://pul/subject/21260 710 2 $aIstituto patristico Augustinianum.$0(OLS)http://pul/name/577 830 0$aStudia ephemeridis Augustinianum ;$v21.$0(OLS)http://pul/title/713 850 $aPUL 852 $aPUL$W1$xSL Religione 1$y3$m21 A 21$j1192$nBK-PRI$b $qStampati$B1192$CPULBib$Z2$F1192 $H $81 910 $aInstitutum patristicum Augustinianum$9577 910 $aPontificia Università Lateranense. $bIstituto Patristico Augustinianum$9577 910 $aAugustinianum$9577 941 1 $a8 961 $aINV: 70595 983 0$aSEA. 996 $6245$aL'esegesi biblica di Metodio d'Olimpo$9(OLS)http://pul/title/1350 996 $6260$aRoma :$bInstitutum patristicum "Augustinianum"$9(OLS)http://pul/publisher/48420